000 01197nam a2200325 a 4500
001 ebr10017819
003 CaPaEBR
006 m u
007 cr cn|||||||||
008 951103s1996 nyu sb 001 0 eng
010 _z 95049476
020 _z0415033314
020 _z0415139805 (pbk.)
040 _aCaPaEBR
_cCaPaEBR
035 _a(OCoLC)70769329
050 1 4 _aBC199.V34
_bW55 1996eb
082 0 4 _a160
_220
100 1 _aWilliamson, Timothy.
245 1 0 _aVagueness
_h[electronic resource] /
_cTimothy Williamson.
260 _aNew York :
_bRoutledge,
_c1996.
300 _axiii, 325 p.
490 1 _aProblems of philosophy
504 _aIncludes bibliographical references (p. [307]-319) and index.
533 _aElectronic reproduction.
_bPalo Alto, Calif. :
_cebrary,
_d2013.
_nAvailable via World Wide Web.
_nAccess may be limited to ebrary affiliated libraries.
650 0 _aVagueness (Philosophy)
655 7 _aElectronic books.
_2local
710 2 _aebrary, Inc.
830 0 _aProblems of philosophy (Routledge (Firm))
856 4 0 _uhttp://site.ebrary.com/lib/rucke/Doc?id=10017819
_zAn electronic book accessible through the World Wide Web; click to view
999 _c29175
_d29175